=LDR 00000nam 2200000 4500 =001 INLIS000000000038398 =005 20130612144052 =008 ***********************************Ind** =035 ##$$a0010-061300000038398 =041 ##$$a Ind =082 ##$$a 158.1 =090 ##$$a 158.1, Ray s =100 ##$$a Ray, James Arthur =245 ##$$a Teh science of succes, How to attraet prosperity and create harmonic wealth through proven principles, James Arthur Ray; Alih bahasa, Daniel Wirajaya =260 ##$$a 2007 $b Jakarta =300 ##$$a 206 hlm, 17 cm =650 ##$$a Sukses (Psikology) =700 ##$$a Wirajaya, Daniel =850 ##$$a NBPNMAT =990 ##$$a 0001/BPAP-NTB/20142014